00380nam a2200157Ia 4500008004100000041001200041082001700053100002300070245002700093520001200120546001200132630002700144650001200171655001200183730002700195101110s9999 xx 000 0 und d aENGLISH bSR11108a828 aViktor Kolbanovsky aOur Sons and daughters aEnglish aENGLISH aOur Sons and daughters aEnglish aEnglish aOur Sons and daughters